00556nam a2200169Ia 4500008004100000020001500041041001200056082001600068100001600084245003400100260003900134300001000173650001900183942000700202999001500209952016200224221030s9999 xx 000 0 und d a8187224053 aEnglish a105.23bGup aP. P. Gupta 0aEngineeing Mathematics Vol. I bKrishna PrakashanaNew Delhic2001 a10.64 aBE Mathematics cBK c1090d1090 pBE 2382g225.00h1l0o105.23 Gupr2024-06-13 00:00:00w2022-10-30yBK003Print4070aMIETLIBbMIETLIBcBL-First, FL-1, CUP-3, SH-5, R-5d2001-01-2010HBE